<?xml version="1.0" encoding="UTF-8"?>
<collection xmlns="http://www.loc.gov/MARC21/slim">
 <record>
  <leader>01181nam a22001937a 4500</leader>
  <controlfield tag="001">NCT_149031</controlfield>
  <controlfield tag="008">230425b        xxu||||| |||| 00| 0 vie d</controlfield>
  <datafield tag="999" ind1=" " ind2=" ">
   <subfield code="c">7682</subfield>
   <subfield code="d">7682</subfield>
  </datafield>
  <datafield tag="020" ind1=" " ind2=" ">
   <subfield code="a">97860443418743</subfield>
   <subfield code="c">150000</subfield>
  </datafield>
  <datafield tag="082" ind1="0" ind2="4">
   <subfield code="2">23rd ed.</subfield>
   <subfield code="a">001</subfield>
   <subfield code="b">T527</subfield>
  </datafield>
  <datafield tag="100" ind1="1" ind2=" ">
   <subfield code="a">Vũ Bội Tuyền</subfield>
  </datafield>
  <datafield tag="245" ind1="1" ind2="0">
   <subfield code="a">Chân dung các nhà khoa học kỹ thuật tài danh Việt Nam</subfield>
   <subfield code="c">Vũ Bội Tuyền</subfield>
  </datafield>
  <datafield tag="260" ind1=" " ind2=" ">
   <subfield code="a">H.</subfield>
   <subfield code="b">Thanh Niên</subfield>
   <subfield code="c">2022</subfield>
  </datafield>
  <datafield tag="300" ind1=" " ind2=" ">
   <subfield code="a">365 tr.</subfield>
   <subfield code="c">21cm</subfield>
  </datafield>
  <datafield tag="520" ind1="3" ind2=" ">
   <subfield code="a">Nội dung sách viết về sự nghiệp khoa học của những người hoặc được phong Anh hùng, hoặc được tặng Giải thưởng Hồ Chí Minh, Giải thưởng Nhà nước về Khoa học - Công nghệ, Giải thưởng Kovalevskai, Huân chương Lao động, hoặc được Giải thưởng khoa học có giá trị tầm quốc tế của nước ngoài.</subfield>
  </datafield>
  <datafield tag="653" ind1=" " ind2=" ">
   <subfield code="a">Tham khảo</subfield>
  </datafield>
  <datafield tag="942" ind1=" " ind2=" ">
   <subfield code="2">ddc</subfield>
   <subfield code="c">BK</subfield>
  </datafield>
  <datafield tag="952" ind1=" " ind2=" ">
   <subfield code="0">0</subfield>
   <subfield code="1">0</subfield>
   <subfield code="2">ddc</subfield>
   <subfield code="4">0</subfield>
   <subfield code="6">001_000000000000000_T527</subfield>
   <subfield code="7">0</subfield>
   <subfield code="9">27538</subfield>
   <subfield code="a">000001</subfield>
   <subfield code="b">000001</subfield>
   <subfield code="d">2023-04-25</subfield>
   <subfield code="o">001 T527</subfield>
   <subfield code="p">TK.03285</subfield>
   <subfield code="r">2023-04-25</subfield>
   <subfield code="v">150000.00</subfield>
   <subfield code="w">2023-04-25</subfield>
   <subfield code="y">BK</subfield>
  </datafield>
  <datafield tag="980" ind1=" " ind2=" ">
   <subfield code="a">Thư viện Trường Đại học Nam Cần Thơ</subfield>
  </datafield>
 </record>
</collection>
